Apalka / (Registro nro. 11055)

Detalles MARC
000 -CABECERA
Longitud fija campo de control 00670nam a2200217 a 4500
003 - • IDENTIFICADOR DELl NÚMERO DE CONTROL
Identificador del número de control CO-ViMGA
008 - • CÓDIGOS DE INFORMACIÓN DE LONGITUD FIJA
Códigos de información de longitud fija 141112s2004 ck r 000 u spa d
020 ## - • NÚMERO INTERNACIONAL NORMALIZADO PARA LIBROS
Número Internacional Normalizado para Libros (ISBN) 9684940572
040 ## - FUENTE DE LA CATALOGACIÓN
Centro catalogador de origen CO-ViMGA
Lengua de catalogación spa
Centro transcriptor CO-ViMGA
100 1# - • PUNTO DE ACCESO PRINCIPAL-NOMBRE DE PERSONA
Nombre de persona Cardenal, Ernesto.
245 10 - • TITULO PROPIAMENTE DICHO
Título Apalka /
Mención de responsabilidad, etc. Ernesto Cardenal ; ilustraciones de Felipe Dávalos
300 ## - • DESCRIPCIÓN FÍSICA
Extensión 27 p / 22 cm.
650 14 - • PUNTO DE ACCESO ADICIONAL DE MATERIA - TÉRMINO DE MATERIA
Término de materia o nombre geográfico como elemento inicial AVES - - POESÍAS
650 14 - • PUNTO DE ACCESO ADICIONAL DE MATERIA - TÉRMINO DE MATERIA
Término de materia o nombre geográfico como elemento inicial POESÍA INFANTIL NICARAGÜENSE
650 14 - • PUNTO DE ACCESO ADICIONAL DE MATERIA - TÉRMINO DE MATERIA
Término de materia o nombre geográfico como elemento inicial POESÍA NICARAGÜENSE
700 1# - • PUNTO DE ACCESO ADICIONAL - NOMBRE DE PERSONA
Nombre de persona Dávalos, Felipe, il.
942 ## - ENTRADA DE ELEMENTOS AGREGADOS (KOHA)
Fuente de clasificaión o esquema Dewey Decimal Classification
Koha [por defecto] tipo de item LIbro
Existencias
Perdido Fuente de clasificación o esquema Estado Físico No para préstamo Forma de adquisición Localización permanente Localización actual Fecha adquisición Serie de enumeración / cronolog&íacute;a Préstamos totales Signatura completa Código de barras Fecha última consulta Número de copia Fecha del precio de reemplazo Tipo de item de Koha Localización en estanterías
  Dewey Decimal Classification     Colección General Biblioteca Pública José Eustasio Rivera - San Martin Biblioteca Pública José Eustasio Rivera - San Martin 07/05/2024     P CAR9 SM02951 07/05/2024 Ej.1 07/05/2024 Libro Infantil Sala Infantil
  Dewey Decimal Classification     Infantil Biblioteca Pública San Carlos de Guaroa - Eduardo Carranza Biblioteca Pública San Carlos de Guaroa - Eduardo Carranza 02/17/2025     P CAR9 SG02281 02/17/2025 Ej.1 02/17/2025 LIbro Sala Infantil
  Dewey Decimal Classification     Sala General Biblioteca Barrio Emporio - Villavicencio Biblioteca Barrio Emporio - Villavicencio 12/04/2015 27/ene/2015   P CAR9 ICM00116 12/04/2015 Ej. 1 12/04/2015 LIbro  
  Dewey Decimal Classification     Infantil Biblioteca Pública El Castillo - Alfonso Meneses Biblioteca Pública El Castillo - Alfonso Meneses 09/20/2023     P CAR9 EC01563 09/20/2023 Ej.1 09/20/2023 LIbro Sala Infantil









Instituto Departamental de Cultura del Meta - Red Departamental de Bibliotecas Públicas del Meta.